00259nam a22001097a 4500020001500000082001600015100001400031245002600045260004500071300000800116650002500124 a8170520665 a294.543 SIV aSivananda aLight, Power & Wisdom aHimalayasbThe Devine Life Societyc2014 a190 aSprituality Hinduism